Organizational Behaviour (Record no. 88876)

MARC details
000 -LEADER
fixed length control field 00506nam a2200193Ia 4500
008 - FIXED-LENGTH DATA ELEMENTS--GENERAL INFORMATION
fixed length control field 230125s9999 xx 000 0 und d
020 ## - INTERNATIONAL STANDARD BOOK NUMBER
International Standard Book Number 978-0-415-48143-4
041 ## - LANGUAGE CODE
Language code of text/sound track or separate title eng
082 ## - DEWEY DECIMAL CLASSIFICATION NUMBER
Classification number 302.35
Item number PET
100 ## - MAIN ENTRY--PERSONAL NAME
Personal name Pettinger R
9 (RLIN) 109842
245 ## - TITLE STATEMENT
Title Organizational Behaviour
260 ## - PUBLICATION, DISTRIBUTION, ETC. (IMPRINT)
Date of publication, distribution, etc. 2011
Name of publisher, distributor, etc. Routledge Taylor and Francis
Place of publication, distribution, etc. New York
300 ## - PHYSICAL DESCRIPTION
Extent 580p
500 ## - GENERAL NOTE
Keywords O B
650 ## - SUBJECT ADDED ENTRY--TOPICAL TERM
Topical term or geographic name as entry element Organiational behaviour
9 (RLIN) 107776
700 ## - ADDED ENTRY--PERSONAL NAME
Personal name Pettinger R
9 (RLIN) 109842
906 ## - LOCAL DATA ELEMENT F, LDF (RLIN)
b 149
Holdings
Withdrawn status Lost status Damaged status Not for loan Home library Current library Date acquired Vendor Cost, normal purchase price Bill number Total Checkouts Full call number Barcode Date last seen Cost, replacement price Bill Date Koha item type Original Barcode
        Smt. Hiraben Nanavati Institute of Management & Research for Women Smt. Hiraben Nanavati Institute of Management & Research for Women 19/05/2011 Forward Books 595.00 4723   302.35 PET B10463 HIMR-BK-10463 25/01/2023 446.00 18/05/2011 Books B10463
        Smt. Hiraben Nanavati Institute of Management & Research for Women Smt. Hiraben Nanavati Institute of Management & Research for Women 27/02/2012 Forward Books 595.00 4918/14.9.2011   302.35 PET B10823 HIMR-BK-10823 25/01/2023 446.00 01/11/2011 Books B10823